000 02004nam0a2200361 i 4500
001 RU\NLR\bibl\2065188
005 20240921140404.0
010 _a9785905976018
_bФКОУ ВПО Пермский ин-т ФСИН России
010 _a978-5-94279-142-1
_bФГБОУ ВПО Пермская ГСХА
_9300
021 _aRU
_b2013-58813
_94049
035 _a(nilc)RuMoRGB-006615130
035 _a(NLR Aleph) 002051719
090 _a4644646
_c4644646
100 _a20130729d2012 u y0rusy50 ca
101 0 _arus
102 _aRU
105 _ay zzzz|||||
200 1 _aВопросы организации кормления служебных собак
_eмонография
_fС. М. Шляпников, А. А. Голдырев, В. А. Ситников
_gФедер. казен. образоват. учреждение высш. проф. образования "Перм. ин-т Федер. службы исполнения наказаний", Федер. гос. бюджет. образоват. учреждение высш. проф. образования "Перм. гос. с.-х. академия им. академика Д. Н. Прянишникова"
210 _aПермь
_cФКОУ ВПО Пермский ин-т ФСИН России
_cФГБОУ ВПО Пермская ГСХА
_d2012
215 _a92 с.
_d21
320 _aБиблиогр.: с 73-89 (274 назв.)
606 1 _aСлужебные собаки
_xКормление
_91385738
_3RU\NLR\auth\66582054
686 _aП673-612-4
700 1 _aШляпников
_bС. М.
_gСергей Михайлович
_4070
701 1 _aГолдырев
_bА. А.
_gАндрей Анатольевич
_4070
701 1 _aСитников
_bВ. А.
_gВладимир Алексеевмч
_4070
801 0 _aRU
_bRuMoRKP
_c20130729
_gRCR
801 2 _aRU
_bРГБ
_c20130801
801 1 _aRU
_bRuMoRKP
_c20130729
_2rusmarc
801 2 _aRU
_bNLR
_c20130822
_grcr
942 _cBOOK
980 _aNBR